Špeciálny seminár pre študijný odbor ASR

Enregistré dans:
Détails bibliographiques
Auteur principal: Čarnický, Štefan
Collectivité auteur: Vysoká škola ekonomická v Bratislave. Detašované pracovisko Fakulty riadenia v Košiciach
Autres auteurs: Mizla, Martin, 1955-, Porvazník, Jozef, Kiš, Jaroslav, Biathová, Jana
Format: Livre
Langue:slovaque
Publié: Bratislava Edičné stredisko VŠE 1989
Édition:1. vyd.
Tags: Ajouter un tag
Pas de tags, Soyez le premier à ajouter un tag!

MARC

LEADER 00000nam a2200000 4500
001 c027705
005 20240502071312.8
020 |a 80-225-0124-7 
041 0 |a slo 
044 |a SK 
245 1 0 |a Špeciálny seminár  |b pre študijný odbor ASR  |c Štefan Čarnický a kolektív 
250 |a 1. vyd. 
264 1 |a Bratislava  |b Edičné stredisko VŠE  |c 1989 
300 |a 186 s. 
100 1 |a Čarnický, Štefan 
700 1 |a Mizla, Martin, 1955- 
700 1 |a Porvazník, Jozef 
700 1 |a Kiš, Jaroslav 
700 1 |a Biathová, Jana 
710 2 |a Vysoká škola ekonomická v Bratislave. Detašované pracovisko Fakulty riadenia v Košiciach